[Вып.] 80 : Вопросы теории и построения вычислительных систем; Вычислительные системы

Dades bibliogràfiques
Parent link:Вычислительные системы: сборник научных трудов/ Академия наук СССР (АН СССР), Сибирское отделение (СО), Институт математики. [Вып.] 80 : Вопросы теории и построения вычислительных систем.— , 1964-2008
Altres autors: Хорошевский В. Г. (редактор)
Idioma:rus
Publicat: 1979
Matèries:
Format: MixedMaterials Llibre
KOHA link:https://koha.lib.tpu.ru/cgi-bin/koha/opac-detail.pl?biblionumber=329380

MARC

LEADER 00000nam2a2200000 4500
001 329380
005 20231102004144.0
035 |a (RuTPU)RU\TPU\book\355140 
035 |a RU\TPU\book\355136 
090 |a 329380 
100 |a 20170314d1979 k y0rusy50 ca 
101 0 |a rus 
102 |a RU 
105 |a a z 001zy 
200 0 |a [Вып.] 80 : Вопросы теории и построения вычислительных систем  |f под ред. В. Г. Хорошевского 
210 |d 1979 
215 |a 123 с.  |c ил. 
320 |a Библиогр. в конце текста 
461 1 |0 (RuTPU)RU\TPU\book\41273  |t Вычислительные системы  |o сборник научных трудов  |f Академия наук СССР (АН СССР), Сибирское отделение (СО), Институт математики  |v [Вып.] 80 : Вопросы теории и построения вычислительных систем  |d 1964-2008 
606 1 |a Вычислительные системы  |2 stltpush  |3 (RuTPU)RU\TPU\subj\67468  |9 83253 
610 1 |a структуры 
610 1 |a синтез 
610 1 |a оптимальные структуры 
610 1 |a операционные системы 
610 1 |a передача данных 
610 1 |a режим 
610 1 |a ЭВМ 
610 1 |a обработка данных 
610 1 |a параллельная обработка 
610 1 |a достоверность 
675 |a 681.324  |v 3 
702 1 |a Хорошевский  |b В. Г.  |4 340 
801 1 |a RU  |b 63413507  |c 20140206 
801 2 |a RU  |b 63413507  |c 20170315  |g RCR 
942 |c BK